| 000 | 01192nam a2200301 i 4500 | ||
|---|---|---|---|
| 001 | 16350 | ||
| 003 | DO-SdUEMH | ||
| 005 | 20260207155832.0 | ||
| 007 | ta | ||
| 008 | 211105s2002||||dr a|||gr|||| 0|| | spa d | ||
| 020 | _a9223133084 | ||
| 040 |
_aDO-SdUEMH _bspa _erda |
||
| 041 | _aspa | ||
| 082 | 1 | 4 |
_aRD362.737293 E967S 2002 _mRD |
| 084 | _b09-00563 | ||
| 110 | _aInstituto de Estudios de Población y Desarrollo Profamilia | ||
| 245 | 0 | _aExplotación Sexual Comercial de Personas Menores de edad en República Dominicana | |
| 260 | _c2002 | ||
| 264 | 1 |
_aSanto Domingo, República Dominicana : _bMaster Litho S.A., _c2002 |
|
| 264 | 4 | _c©2002 | |
| 300 |
_a207 páginas : _bilustraciones ; _c20 cm. |
||
| 336 |
_2rdacontent _atexto _btxt |
||
| 337 |
_2rdamedia _asin mediación _bn |
||
| 338 |
_2rdacarrier _avolumen _bnc |
||
| 505 | 2 | _aExplotación sexual comercial de las personas menores de edad en la República Dominicana: Contexto general -- Metodología -- Marco Jurídico Nacional -- La respuesta institucional -- Caracterización de la explotación sexual comercial -- Percepción de la comunidad sobre explotación sexual comercial. | |
| 942 |
_2ddc _cBK _n0 |
||
| 999 |
_c16350 _d16350 |
||